| 000 | 00798nam a2200181 a 4500 | ||
|---|---|---|---|
| 008 | 120416s1983 ||||||||||||||||| || u | ||
| 020 | _a0566022362 | ||
| 050 | _aHF 5635 Han | ||
| 100 | _aFanning, David Christopher | ||
| 245 | 1 | 0 |
_aHandbook of management accounting _cedited by David Fanning |
| 260 |
_aAldershot, Hants, England : _bGower _c1983 |
||
| 300 | _axxiii, 471p. : ill. | ||
| 350 | _a0.00 | ||
| 650 | 0 | _aACCOUNTING--HANDBOOKS, MANUALS, ETC | |
| 650 | 0 | _aMANAGERIAL ACCOUNTING | |
| 995 |
_aANNEX COLLECTION (Main Library) _D0.00 _e704624 _FCBU-MAIN LIBRARY (Kitwe) _H2 _I30.00 _jHF 5635 Han _UAVAILABLE _y005436 _ZAnnex Low-Usage Collection |
||
| 995 |
_aBINDERY (DAMAGED) _D0.00 _e709245 _FCBU-MAIN LIBRARY (Kitwe) _H1 _I30.00 _jHF 5635 Han _M1 _UDAMAGED _y709245 _ZMain Library Open Access Collection |
||
| 999 |
_c76098 _d76098 |
||